TOP 30 des plus grands youtubeurs français 2024 - Statistiques

Statistiques générales
  • Ce quiz a été pris 1 276 fois
  • Le résultat moyen est 12 sur 30
Statistiques - réponses
Nombre d'abonnés Youtubeurs % Correct
18,6 millions Squeezie
96%
9,26 millions Michou
90%
7,09 millions Inoxtag
89%
14,5 millions Cyprien
86%
14 millions Tibo InShape
84%
11,6 millions Norman
75%
5,83 millions Mastu
74%
8,36 millions Amixem
73%
5,98 millions Joyca
70%
5,1 millions Natoo
61%
7,25 millions McFly et Carlito / Mcfly / Carlito
58%
6 millions Mister V / Mister
46%
4,2 millions Le Bouseuh
42%
9,58 millions Lama Faché
40%
5,46 millions Séb la Frite / Séb/ La Frite
34%
6,38 millions Swan et Néo / Swan / Néo
32%
7,41 millions Rémi Gaillard
20%
5,53 millions Kévin Tran
19%
4,9 millions FastGoodCuisine / Cuisine
18%
4,9 millions CYRILmp4 / Cyril
17%
4,6 millions Dr Nozman / Nozman
15%
6,1 millions Bigorneaux et Coquillage / Bigorneaux / Coquillage
13%
4,7 millions Squeezie Gaming
13%
5,51 millions Furious Jumper
12%
4,7 millions Hugoposé
12%
4,3 millions L'atelier de Roxane / Roxane
9%
4,1 millions Greg Guillotin
7%
5,28 millions Anas
6%
6,82 millions Le monde des titounis / Titounis
1%
14,4 millions Les Boys TV2 / Les boys
1%
Aucun quiz correspondant
Distribution des résultats
% des personnes avec chaque résultat
Percentile par nombre de réponses
Votre historique - résultats
Vous n’avez pas pris ce quiz